000 00288 a2200121 4500
001 147015
040 _cEscola São Tomás de Aquino
100 _aREISINHO, Pedro
240 1 0 _aO meu primeiro livro
_lpor
245 1 0 _aO meu primeiro livro
697 _a*LITERATURA INFANTIL
942 _cBK
999 _c147015
_d147015